Library Banner

Legend and reality (Record no. 66124)

MARC details
000 -LEADER
fixed length control field 00374nam a22001457a 4500
005 - DATE AND TIME OF LATEST TRANSACTION
control field 20150212101150.0
008 - FIXED-LENGTH DATA ELEMENTS--GENERAL INFORMATION
fixed length control field 150212b xxu||||| |||| 00| 0 eng d
040 ## - CATALOGING SOURCE
Transcribing agency PK-LaUMT
082 ## - DEWEY DECIMAL CLASSIFICATION NUMBER
Classification number KHC 954.035
Item number SEE-L
100 ## - MAIN ENTRY--PERSONAL NAME
Personal name Seervai, H.M.
245 ## - TITLE STATEMENT
Title Legend and reality
Statement of responsibility, etc H.M. Seervai
260 ## - PUBLICATION, DISTRIBUTION, ETC. (IMPRINT)
Place of publication, distribution, etc Karachi
Name of publisher, distributor, etc Haider Ali Muljee "Taha"
Date of publication, distribution, etc 1974
300 ## - PHYSICAL DESCRIPTION
Extent 237 p.
942 ## - ADDED ENTRY ELEMENTS (KOHA)
Koha item type Books
Holdings
Withdrawn status Lost status Damaged status Home library Current library Date acquired Full call number Barcode Date last seen Price effective from Koha item type
      UMT Main Campus UMT Main Campus 2015-02-12 KHC 954.035 SEE-L 70992 2015-02-12 2015-02-12 Books